| 000 | 00850nam a2200229Ia 4500 | ||
|---|---|---|---|
| 003 | GCL | ||
| 008 | 140319s9999 xx 000 0 ara d | ||
| 040 |
_aGCL / _cGCL |
||
| 082 | 0 | 4 |
_aق _b953.07393 _bا ص |
| 100 | 1 | _aابوالحسن على الحسنى الندوى | |
| 245 | 1 | 0 |
_aصلاح الدين الايوبى البطل الناصر لدين الله / _cابوالحسن على الحسنى الندوى |
| 260 |
_aالقاهرة : _bدار الصحوه للنشر والتوزيع ، _c1991 |
||
| 300 |
_a65 ص ؛ _c20 سم |
||
| 490 | _a | ||
| 650 | 0 | 4 | _aمصر |
| 650 | 0 | 4 | _aالحروب الصليبية فى مصر |
| 650 | 0 | 4 | _aالدولة الايوبية |
| 650 | 0 | 4 | _aصلاح الدين الايوبى |
| 650 | 0 | 4 | _aالايوبيون |
| 650 | 0 | 4 | _aمصر - تاريخ - العصر الاسلامى |
| 942 |
_2ddc _cBK |
||
| 999 |
_c39117 _d39117 |
||